Počítačem generovaný svět rozšířené reality
Klasifikácia základnej a virtuálnej reality. Odlišnosť medzi rozšírenou realitou a rozšírenou virtualitou. Praktický život a etické otázky vzťahu človeka k počítačovej grafike.
Salvato in:
| Autore principale: | |
|---|---|
| Natura: | Capitolo di libro |
| Lingua: | ceco |
| Soggetti: | |
| Tags: |
Nessun Tag, puoi essere il primo ad aggiungerne!!
|
MARC
| LEADER | 00000naa$a2200000$$$4500 | ||
|---|---|---|---|
| 001 | 0113268 | ||
| 005 | 20231121102132.0 | ||
| 041 | 0 | |a cze | |
| 044 | |a SK | ||
| 245 | 1 | 0 | |a Počítačem generovaný svět rozšířené reality |c Eva Žáčková |
| 520 | |a Klasifikácia základnej a virtuálnej reality. Odlišnosť medzi rozšírenou realitou a rozšírenou virtualitou. Praktický život a etické otázky vzťahu človeka k počítačovej grafike. | ||
| 610 | 2 | 0 | |a filozofia |
| 610 | 2 | 0 | |a veda |
| 610 | 2 | 0 | |a technika |
| 610 | 2 | 0 | |a realita virtuálna |
| 610 | 2 | 0 | |a etika |
| 100 | 1 | |a Žáčková, Eva | |